| 000 | 00990nam a2200301 a 4500 | ||
|---|---|---|---|
| 001 | 000026135 | ||
| 005 | 20200930024331.0 | ||
| 008 | 110302s1971 sp a r 000 0 spa d | ||
| 040 |
_aDO-SdBNP _bspa _cBNPHU |
||
| 041 | 1 | 7 |
_aspa _hfre _2Código de idioma MARC |
| 082 |
_a616.8528 _bC496f |
||
| 100 | 1 |
_aChauchard, Paul _949394 |
|
| 240 | 1 | 0 |
_aLa fatigue _lEspañol. |
| 245 | 1 | 0 |
_aLa fatiga / _cPaul Chauchard ; traducción de J.J. Villaseca. |
| 260 |
_aBarcelona, (España) : _bOikos tau ; Vilassar de Mar, _c1971. |
||
| 300 |
_a124, [4] p. : _ail. ; _c17 cm. |
||
| 490 | 1 |
_aQué sé? _v39 |
|
| 500 | _aIncluye notas al pie de las páginas | ||
| 504 | _aIncluye referencias bibliográficas (p. [125]) | ||
| 534 |
_aTítulo original: _tLa fatigue |
||
| 650 | 4 |
_aFatiga _953104 |
|
| 650 | 4 |
_aFatiga mental _953105 |
|
| 650 | 4 |
_aDepresión mental _92432 |
|
| 650 | 4 |
_aMelancolía _953106 |
|
| 700 | 1 |
_aVillaseca, J.J. _etr. _927269 |
|
| 830 | 0 |
_aQué sé? ; _v39 _927270 |
|
| 049 | _aBNGR | ||
| 999 |
_c25627 _d25627 |
||